000 00448nam a2200157 i 4500
001 83809
003 ES-MaACL
005 20230906174909.0
007 t|
008 041118s1939 gw ||||1| ger d
100 1 _aJaeger, Werner.
_965896
245 1 0 _aDemosthenes der staatsmann un sein verden /
_cvon Werner Jaeger.
260 _aBerlin :
_bWalter de Gruyter,
_c1939.
300 _aVIII, 268 p. ;
_c23 cm.
852 _aES-MaACL
_jA-5098
_bR.18077
999 _c83809
_d83809